Вып. 27 : Открытые горные работы; Разработка рудных месторождений

Bibliographische Detailangaben
Parent link:Разработка рудных месторождений: республиканский межведомственный научно-технический сборник. Вып. 27 : Открытые горные работы.— , 1966-1991.— 0486-0705
Sprache:Russisch
Veröffentlicht: 1979
Schlagworte:
Format: MixedMaterials Buch
KOHA link:https://koha.lib.tpu.ru/cgi-bin/koha/opac-detail.pl?biblionumber=332606

MARC

LEADER 00000nam2a2200000 4500
001 332606
005 20231102004455.0
035 |a (RuTPU)RU\TPU\book\358552 
035 |a RU\TPU\book\333334 
090 |a 332606 
100 |a 20170525d1979 k y0rusy50 ca 
101 0 |a rus 
102 |a UA 
105 |a a z 001zy 
200 0 |a Вып. 27 : Открытые горные работы  |f отв. ред. Ю. П. Астафьев 
210 |d 1979 
215 |a 93 с.  |c ил. 
320 |a Библиография в конце статей 
461 1 |0 (RuTPU)RU\TPU\book\178823  |x 0486-0705  |t Разработка рудных месторождений  |o республиканский межведомственный научно-технический сборник  |v Вып. 27 : Открытые горные работы  |d 1966-1991 
606 1 |a Руды  |x Добыча открытая  |2 stltpush  |3 (RuTPU)RU\TPU\subj\26101  |9 50109 
610 1 |a рудные месторождения 
610 1 |a открытая разработка 
610 1 |a уступы 
610 1 |a выемочные работы 
610 1 |a карьеры 
610 1 |a планирование 
610 1 |a обогатительные фабрики 
610 1 |a горно-обогатительные комбинаты 
610 1 |a горные работы 
610 1 |a объем 
610 1 |a траншеи 
610 1 |a проходка 
610 1 |a конвейерные подъемники 
610 1 |a скважинные заряды 
610 1 |a взрывание 
610 1 |a железистые кварциты 
675 |a 622.34:622.271  |v 4 
801 1 |a RU  |b 63413507  |c 20130110 
801 2 |a RU  |b 63413507  |c 20180207  |g RCR 
942 |c BK